000 00313nam a22001337a 4500
008 170418b xxu||||| |||| 00| 0 eng d
020 _a9780078113055
041 _aeng
080 _a612.39
100 _a10
101 _aSHM
245 _aNUTRITION FOR HEALTH, FITNESS & SPORT
_cWILLIAMS, M.H
942 _2udc
_cBK
999 _c10909
_d10909